| 000 | 00884nas a2200265 i 4500 | ||
|---|---|---|---|
| 001 | 1402 | ||
| 003 | ES-MaACL | ||
| 005 | 20250718150758.0 | ||
| 008 | 950801d19391971sp d| | 1 ||pa d | ||
| 022 | _a2487-6011 | ||
| 080 | _a(054) | ||
| 245 | 0 | 0 |
_aMadrid : _bdiario de la noche / _cdir., Juan Pujol. |
| 260 |
_aMadrid : _b[s.n.], _c1939-1971. |
||
| 300 |
_a267 v. : _bil. ; _c49 cm. |
||
| 310 | _aDiaria | ||
| 362 | 0 | _aAño 1, n. 1 (8 abril 1939)-año 33, n. 10433 (25 nov. 1971) | |
| 530 | _aDisponible en formato digital de 1966 a 1971. | ||
| 650 | 4 |
_aPeriódicos _915941 |
|
| 700 | 1 |
_aPujol, Juan, _d1883-1967 _994340 |
|
| 852 | 4 |
_aES-MaACL _jHEM-GF-35 _dOlim: Hem-22 _dOlim: Hem-252-A |
|
| 856 | 4 |
_uhttps://diariomadrid.net/index.php/hemeroteca _zHemeroteca Diario Madrid _z(1966-1971) |
|
| 866 | 1 | _o1942-71 | |
| 942 |
_2udc _cPERIODICO |
||
| 999 |
_c1402 _d1402 |
||